Statistics for Battleships by Picture

Click here to take the quiz!

General Stats

  • This quiz has been taken 87 times
  • The average score is 7 of 14

Answer Stats

Answer% Correct
Bismarck
88%
Missouri
77%
Yamato
77%
Fuso
59%
Hood
59%
Arizona
48%
Prince of Wales
45%
North Carolina
39%
Roma
39%
Gneisenau
32%
Nevada
32%
Repulse
32%
Gangut
24%
Giulio Cesare
8%

Score Distribution

Percentile by Number Answered

Percent of People with Each Score

Your Score History

You have not taken this quiz